| 000 | 00469nam a22001577a 4500 | ||
|---|---|---|---|
| 999 |
_c3376 _d3376 |
||
| 003 | OSt | ||
| 005 | 20181109151600.0 | ||
| 008 | 181109b ||||| |||| 00| 0 eng d | ||
| 040 | _cDLC | ||
| 082 | _a251 | ||
| 245 |
_aHomiletics 1: _bThe Sermon and Its Preparation / _cBy TAFTEE. |
||
| 260 |
_aINDIA : _bTAFTEE- The Association For Theological Education By Extension, _cc1977. |
||
| 300 | _a229 p.: | ||
| 650 |
_aHomiletics 1 _yThe sermon and Preparation |
||
| 942 |
_2ddc _cBK |
||